| 000 | 00000nam##2200000za#4500 |
| 001 | 9.570435 |
| 003 | CaOODSP |
| 005 | 20210624182234 |
| 007 | cr ||||||||||| |
| 008 | 150406|2009||||xxc|||||o f|0| 0 eng|d |
| 040 | |aCaOODSP|beng |
| 043 | |an-cn--- |
| 086 | 1 |aYC2-3-0/402-3E-PDF |
| 110 | 1 |aCanada.|bSenate. |bSpecial Committee on Aging. |
| 245 | 10|aCanada's aging population : |h[electronic resource]|bseizing the opportunity / |cThe Honourable Sharon Carstairs, P.C., Chair; The Honourable Wilbert Joseph Keon, Deputy Chair. |
| 246 | 3 |aFinal report |
| 260 | |aOttawa - Ontario : |bSenate. |cApril 2009. |
| 300 | |a247p.|bfig., graphs, references, tables |
| 490 | 1 |aReport of the Special Senate Committee on Aging|v[40th Parliament, 2nd Session, 3rd report] |
| 590 | |a11-12-Supp|b2011-07-29 |
| 775 | 08|tLe vieillissement de la population : |w(CaOODSP)9.601117 |
| 830 | #0|aReport of the Special Senate Committee on Aging ;|v[40th Parliament, 2nd Session, 3rd report]|w(CaOODSP)9.505257 |
| 856 | 40|ahttp://publications.gc.ca|qPDF|s143 MB|uhttps://publications.gc.ca/collections/collection_2011/sen/yc2-3-0/YC2-3-0-402-3-eng.pdf|y[40th Parliament, 2nd Session, 3rd report] |